| 000 | 00598nam a22001817a 4500 | ||
|---|---|---|---|
| 005 | 20250709165228.0 | ||
| 010 | _aENG-145905 | ||
| 020 |
_a9789394912007 _c995.00 |
||
| 035 | _aEN-129437 | ||
| 037 | _bDBAD | ||
| 082 | _a327.5105491 | ||
| 245 |
_aChina-Pak's balochistan policy devastating impact / _cedited by Sunjoy K. Singh |
||
| 260 |
_aNew Delhi _bIshwari Publishers _c2022 |
||
| 270 |
_a204-205, 2nd Floor, Durga Complex, CSC, Mayur Vihar-II, _bNew Delhi _e110092 |
||
| 300 |
_a272p _c22cm.(Hb) |
||
| 700 |
_aSingh Sunjoy K _982870 |
||
| 942 |
_2ddc _cEN _h327.5105491 _mCHI |
||
| 999 |
_c212297 _d212297 |
||